Memoria estadística del sector energía de Costa Rica

সংরক্ষণ করুন:
গ্রন্থ-পঞ্জীর বিবরন
প্রধান লেখক: Alvarado Zumbado, Fernando
বিন্যাস: গ্রন্থ
ভাষা:Spanish
প্রকাশিত: San José, C.R. : Oficina de Publicaciones del ICE 1992
মালা:Publicación
বিষয়গুলি:
ট্যাগগুলো: ট্যাগ যুক্ত করুন
কোনো ট্যাগ নেই, প্রথমজন হিসাবে ট্যাগ করুন!

MARC

LEADER 00000nam a2200000Ia 4500
003 L000614
005 20221231143950.0
008 140114s1992 cr a 000 ||spa d
040 |c cru CEDI 
082 |a  333.79 A444m 
100 |a Alvarado Zumbado, Fernando  |9 20551 
245 |a Memoria estadística del sector energía de Costa Rica 
260 |a  San José, C.R. : Oficina de Publicaciones del ICE  |c 1992 
300 |a xvi, 191 páginas ;ilustraciones 
440 |a Publicación   |n No. 26  |9 20579 
500 |a A la cabeza de la portada Dirección Sectorial de Energía 
650 |x RECURSOS ENERGETICOS - COSTA RICA   |x RECURSOS ENERGETICOS - ESTADISTICAS  |9 20553 
942 |2 ddc  |c BK 
999 |c 14911  |d 14911